Normal view
MARC view
- Philip Kotler & Karen F.A.Fox
Entry Personal Name
001 - CONTROL NUMBER
- control field: 3185
003 - CONTROL NUMBER IDENTIFIER
- control field: OSt
005 - DATE AND TIME OF LATEST TRANSACTION
- control field: 20200616155940.0
008 - FIXED-LENGTH DATA ELEMENTS
- fixed length control field: 200616|| aca||aabn | a|a d
040 ## - CATALOGING SOURCE
- Original cataloging agency: OSt
- Transcribing agency: OSt
100 ## - HEADING--PERSONAL NAME
- Personal name: Philip Kotler & Karen F.A.Fox
670 ## - SOURCE DATA FOUND
- Source citation: Work cat.: (OSt)1903: Philip Kotler & Karen F.A.Fox, Strategic Marketing for Educational Institutions , c1995
